Slovlog 2012: úspech nového formátu
Spoločnosť ATOZ Logistics, organizátor odborných konferencií, usporiadala 22. novembra 2012 v Bratislave šiesty ročník fóra Slovlog zameraného na získavanie aktuálnych informácií o očakávaných zmenách a trendoch na slovenskom logistickom trhu. Témy, o ktorých sa diskutovalo na fóre.
Gespeichert in:
| 1. Verfasser: | |
|---|---|
| Format: | Buchkapitel |
| Sprache: | Slowakisch |
| Schlagworte: | |
| Tags: |
Keine Tags, Fügen Sie das erste Tag hinzu!
|
MARC
| LEADER | 00000naa a2200000 4500 | ||
|---|---|---|---|
| 001 | 0166225 | ||
| 005 | 20231011073428.2 | ||
| 041 | 0 | |a slo | |
| 044 | |a CZ | ||
| 245 | 1 | 0 | |a Slovlog 2012: úspech nového formátu |c Jozef Brezovský |
| 520 | |a Spoločnosť ATOZ Logistics, organizátor odborných konferencií, usporiadala 22. novembra 2012 v Bratislave šiesty ročník fóra Slovlog zameraného na získavanie aktuálnych informácií o očakávaných zmenách a trendoch na slovenskom logistickom trhu. Témy, o ktorých sa diskutovalo na fóre. | ||
| 610 | 2 | 0 | |a logistika |
| 610 | 2 | 0 | |a služby logistické |
| 610 | 2 | 0 | |a skladovanie |
| 610 | 2 | 0 | |a sklady |
| 610 | 2 | 0 | |a distribúcia |
| 610 | 2 | 0 | |a clá |
| 610 | 2 | 0 | |a konferencie |
| 100 | 1 | |a Brezovský, Jozef | |